000 01157nam a22003377a 4500
003 CHAP
005 20220817044217.0
008 080423d2005 co r 00110 spa d
010 _a94745
011 _a95717
020 _a9588085608
035 _a106347
040 _cCHAP
082 0 4 _a333.7
_bB6
100 1 _aBoada Ortiz, Alejandro
_913249
245 1 0 _aNegocios y sostenibilidad más allá de la gestión ambiental
_c/por Alejandro Boada Ortiz, Simona Rocchi y Michael Kuhndt
260 _aBogotá :
_bPolitécnico Grancolombiano,
_c2005
300 _a155 p. :
_bgráfs. ; cuadros
590 _aBATCH-UPD
_b10
_c20130110
_lUCH01
_h0604
590 _aBATCH-UPD
_b10
_c20130410
_lUCH01
_h0246
590 _aBATCH-UPD
_b10
_c20130914
_lUCH01
_h0647
590 _aCONVERSION
_b10
_c20130109
_lUCH01
_h1352
650 1 4 _aDesarrollo sustentable.
650 1 4 _aEcosistema.
_935290
650 1 4 _aMedio ambiente
_xContaminación.
_974069
650 1 4 _aNegocios.
_980696
650 1 4 _aRecursos naturales
_xAdministración.
_995175
901 _aBK
942 _cLIBRO
949 _a333.7 B6
_bBC
_cLIBRO
_d33724002046876
_eLIBRO
_gI.c/e.
_h109461
_i106347
_si
_t$300.00
999 _c94745
_d94745